The Report of The Controller and Auditor-General together with The Appropriation Accounts and Other Public Accounts and the Accounts of the Funds for the Year1993/4 (Record no. 1093)

MARC details
000 -LEADER
fixed length control field 00460nam a22001217a 4500
008 - FIXED-LENGTH DATA ELEMENTS--GENERAL INFORMATION
fixed length control field 230612b xxu||||| |||| 00| 0 eng d
082 ## - DEWEY DECIMAL CLASSIFICATION NUMBER
Classification number 352.4908
Item number KEN
245 ## - TITLE STATEMENT
Title The Report of The Controller and Auditor-General together with The Appropriation Accounts and Other Public Accounts and the Accounts of the Funds for the Year1993/4
Statement of responsibility, etc. Government of Kenya
260 ## - PUBLICATION, DISTRIBUTION, ETC. (IMPRINT)
Place of publication, distribution, etc. Kenya
Name of publisher, distributor, etc. Government
Date of publication, distribution, etc. 1994
300 ## - PHYSICAL DESCRIPTION
Extent 487 P
710 ## - ADDED ENTRY--CORPORATE NAME
Subordinate unit Government of Kenya
942 ## - ADDED ENTRY ELEMENTS (KOHA)
Source of classification or shelving scheme Dewey Decimal Classification
Koha item type Books

No items available.

LIBRARY OPENING HOURS

When the Parliament is sitting: 8.00a.m - 7.00p.m or until the house adjourns
Mondays and Fridays and when the House is on Recess:  8.00a.m - 5.00p.m
Closed on Weekends and Public Holidays

Online Public Access Catalog (OPAC)
Website: http://www.parliament.go.ke
Bunge Library: https://libraryir.parliament.go.ke
Contact: library@parliament.go.ke | Tel no: (254-2)2221291 or 2848000 Ext 5043